Poesia als parcs 2005 : des de la terra / [coordinació del cicle i autor de l'antologia: Antoni Clapés] des de la terra / [coordinació del cicle i autor de l'antologia:
Descripción Física:
172 p. : il. ; 16 cm
Otros Autores:
Clapés i Flaqué, Antoni, coord
Materias:
Poesia -- Antologies
MARC
| LEADER | 00000nam a2200000Ia 4500 | ||
|---|---|---|---|
| 001 | 18241 | ||
| 008 | 160829s2006 xx 000 0 cat d | ||
| 080 | |a L-2-79 | ||
| 245 | |a Poesia als parcs 2005 : |b des de la terra / [coordinació del cicle i autor de l'antologia: |b Antoni Clapés] | ||
| 250 | |a Ed. no venal | ||
| 260 | |a Barcelona : |b Diputació de Barcelona. Xarxa de Parcs Naturals, |c 2006 | ||
| 300 | |a 172 p. : |b il. ; |c 16 cm | ||
| 590 | |a Amb el suport de la Fundación Aena. | ||
| 590 | |a Recull de poemes llegits en el cicle poètic Poesia als parcs inclòs en el programa cultural Viu el Parc de l'any 2005 | ||
| 650 | |a Poesia |x Antologies |9 36633 | ||
| 700 | |a Clapés i Flaqué, Antoni, coord. |9 36634 | ||
| 710 | 1 | |a Barcelona (Catalunya : Província). |b Xarxa de Parcs Naturals |9 7250 | |
| 901 | |a Arxiu | ||
| 942 | |n 1 | ||
| 952 | |0 0 |1 0 |4 0 |6 L279 |7 1 |9 47405 |a Arxiu |b Arxiu |d 2016-12-01 |l 0 |o L-2-79 |p 18241 |r 2016-12-01 00:00:00 |w 2016-12-01 |y ARXIU | ||
| 999 | |c 51203 |d 51203 | ||